00738 2200289 4500001002100000005001500021035002000036007000300056008004100059020002200100082000800122084001500130100002200145245006700167250001000234260003400244300004000278650002100318700001800339520002500357990001200382990001200394990000900406990000900415990001200424990001200436INLIS00000000000180120220425112950 a0010-0318000144ta220425 g 0 ind  a978-602-8453-49-3 a745 a745 APH b0 aAPHRODITA, Wibowo1 aBoneka Kaus Kaki /cAphrodita Wibowo; penyunting, Rhein Fathia acet.1 aDepok :bKriya Pustaka,c2011 aiv, 67 hlm. :bilus. ;c19 x 23 cm. 4aKERAJINAN TANGAN0 aRHEIN, Fathia abibliografi: hlm. 67 a16520 a a16520 b a3673 a3673 a16520 a a16520 b